Dark energy / (Record no. 355731)

000 -LEADER
fixed length control field 02166cam a22003857a 4500
001 - CONTROL NUMBER
control field 17022872
003 - CONTROL NUMBER IDENTIFIER
control field USPCAS-E
005 - DATE AND TIME OF LATEST TRANSACTION
control field 20180118181411.0
008 - FIXED-LENGTH DATA ELEMENTS--GENERAL INFORMATION
fixed length control field 111027s2010 gw a b 001 0 eng
010 ## - LIBRARY OF CONGRESS CONTROL NUMBER
LC control number 2011499451
015 ## - NATIONAL BIBLIOGRAPHY NUMBER
National bibliography number GBA9B6749
Source bnb
016 7# - NATIONAL BIBLIOGRAPHIC AGENCY CONTROL NUMBER
Record control number 015433981
Source Uk
020 ## - INTERNATIONAL STANDARD BOOK NUMBER
International Standard Book Number 9783527409419 (hbk.)
020 ## - INTERNATIONAL STANDARD BOOK NUMBER
International Standard Book Number 3527409416 (hbk.)
035 ## - SYSTEM CONTROL NUMBER
System control number (OCoLC)ocn473477047
040 ## - CATALOGING SOURCE
Original cataloging agency UKM
Transcribing agency UKM
Modifying agency YDXCP
-- C#P
-- BWX
-- CDX
-- OKU
-- BTCTA
-- HEBIS
-- OHX
-- UWO
-- UKMGB
-- DLC
042 ## - AUTHENTICATION CODE
Authentication code lccopycat
050 00 - LIBRARY OF CONGRESS CALL NUMBER
Classification number QB791.3
Item number .W36 2010
082 04 - DEWEY DECIMAL CLASSIFICATION NUMBER
Classification number 523.01
Edition number 22
Author Mark WAN-D 2010
100 1# - MAIN ENTRY--PERSONAL NAME
Personal name Wang, Yun,
Dates associated with a name 1964-
245 10 - TITLE STATEMENT
Title Dark energy /
Statement of responsibility, etc. Yun Wang.
260 ## - PUBLICATION, DISTRIBUTION, ETC.
Place of publication, distribution, etc. Weinheim :
Name of publisher, distributor, etc. Wiley-VCH,
Date of publication, distribution, etc. c2010.
300 ## - PHYSICAL DESCRIPTION
Extent xii, 244 p. :
Other physical details ill. ;
Dimensions 25 cm.
502 ## - DISSERTATION NOTE
Dissertation note 0
504 ## - BIBLIOGRAPHY, ETC. NOTE
Bibliography, etc. note Includes bibliographical references (p. 229-237) and index.
505 0# - FORMATTED CONTENTS NOTE
Formatted contents note The dark energy problem -- The basic theoretical framework -- Models to explain cosmic acceleration -- Observational method I : type Ia supernovae as dark energy probe -- Observational method II : galaxy redshift surveys as dark energy probe -- Observational method III : weak lensing as dark energy probe -- Observational method IV : clusters as dark energy probe -- Other observational methods for probing dark energy -- Basic instrumentation for dark energy experiments -- Future prospects for probing dark energy.
520 1# - SUMMARY, ETC.
Summary, etc. "Dark energy research aims to illuminate the mystery of the observed cosmic acceleration, one of the fundamental problems in physics and astronomy today. This book presents a systematic and detailed review of the current state of dark energy research, with the focus on the examination of the major observational techniques for probing dark energy. It can be used as a textbook to train students and others who wish to enter this extremely active field in cosmology."-- p. 4 of cover.
650 #0 - SUBJECT ADDED ENTRY--TOPICAL TERM
Topical term or geographic name entry element Dark energy (Astronomy)
650 07 - SUBJECT ADDED ENTRY--TOPICAL TERM
Topical term or geographic name entry element Weltall.
Source of heading or term swd
650 07 - SUBJECT ADDED ENTRY--TOPICAL TERM
Topical term or geographic name entry element Expansion.
Source of heading or term swd
650 07 - SUBJECT ADDED ENTRY--TOPICAL TERM
Topical term or geographic name entry element Dunkle Energie.
Source of heading or term swd
906 ## - LOCAL DATA ELEMENT F, LDF (RLIN)
a 7
b cbc
c copycat
d 2
e ncip
f 20
g y-gencatlg
942 ## - ADDED ENTRY ELEMENTS (KOHA)
Source of classification or shelving scheme
Koha item type Book
Holdings
Withdrawn status Lost status Source of classification or shelving scheme Damaged status Not for loan Collection code Permanent Location Current Location Shelving location Date acquired Source of acquisition Cost, normal purchase price Total Checkouts Full call number Barcode Date last seen Date last checked out Price effective from Koha item type
            US-Pakistan Center for Advanced Studies in Energy (USPCAS-E) US-Pakistan Center for Advanced Studies in Energy (USPCAS-E)   12/10/2015 Victoria co. 9400.00 1 523.01 WAN-D 2010 CAS-E0000721 01/12/2017 01/12/2017 12/10/2015 Book
© 2023 Central Library, National University of Sciences and Technology. All Rights Reserved.